| 000 | 00489nam a22001937a 4500 | ||
|---|---|---|---|
| 003 | MPLRDC | ||
| 005 | 20220104185512.0 | ||
| 008 | 210129b ||||| |||| 00| 0 eng d | ||
| 020 | _a986-84614-8-2 | ||
| 082 | _a881.357 LAR v.3 | ||
| 100 | _aSTIEG LARSSON | ||
| 245 |
_a直捣蜂窝的女孩 _c |
||
| 250 | _a初版 | ||
| 260 |
_a台湾 _b寂寞出版股份有限公司 _c2010 |
||
| 300 | _b平 | ||
| 490 | _a千禧系列. 3 | ||
| 650 | _a瑞典文学 | ||
| 942 |
_cBK _o881.357 LAR v.3 |
||
| 999 |
_c63362 _d63352 |
||